Colonia penal de Araracuara (Registro nro. 25)

Detalles MARC
000 -CABECERA
Campo de control 00942nam a2200265 a 4500
005 - FECHA Y HORA DE LA ULTIMA TRANSACCION
Campo de control 20200104041504.0
008 - ELEMENTOS DE LONGITUD FIJA—INFORMACION GENERAL
Campo de control 140113t1994 ck ||||gr|||| 00| 0 spa d
040 ## - FUENTE DE CATALOGACIÓN
Agencia catalogadora original CO-BoIAVH
Agencia transcriptora CO-BoIAVH
041 ## - IDIOMA
Código de idioma para texto/pista de sonido o título separado Español
090 ## - CLASIFICACIÓN LOCAL
Colección RE
Consecutivo 00060
100 1# - ASIENTO PRINCIPAL--NOMBRE PERSONAL
Nombre personal Useche Losada, Mariano
9 (RLIN) 3494
245 1# - MENCION DE TITULO
Título Colonia penal de Araracuara
Parte restante del título socioeconomía y recursos naturales 1938-1971
246 ## - FORMA VARIANTE DEL TITULO
Título propiamente dicho/forma breve del título The Araracuara penal colony
Parte restante del título socieconomic aspects and natural resources 1938-1971
260 ## - PUBLICACION, DISTRIBUCION, ETC. (PIE DE IMPRENTA)
Lugar de publicación, distribución, etc. Bogotá
Nombre del editor, distribuidor, etc. Tropenbos Colombia
Fecha de publicación, distribución, etc. 1994
300 ## - DESCRIPCION FISICA
Extensión 238 Paginas. :
Otros detalles físicos Graficos. ;
Dimensiones 23 x 17 cm
650 #6 - ASIENTO SECUNDARIO DE MATERIA - TERMINO TEMATICO
Término temático o nombre geográfico como elemento de entrada Recursos naturales
9 (RLIN) 59535
650 #4 - ASIENTO SECUNDARIO DE MATERIA - TERMINO TEMATICO
Término temático o nombre geográfico como elemento de entrada Comunidades indígenas
9 (RLIN) 59536
650 #4 - ASIENTO SECUNDARIO DE MATERIA - TERMINO TEMATICO
Término temático o nombre geográfico como elemento de entrada Explotación forestal
9 (RLIN) 59537
650 #4 - ASIENTO SECUNDARIO DE MATERIA - TERMINO TEMATICO
Término temático o nombre geográfico como elemento de entrada Uso de biodiversidad
9 (RLIN) 343
650 #4 - ASIENTO SECUNDARIO DE MATERIA - TERMINO TEMATICO
Término temático o nombre geográfico como elemento de entrada Productos derivados de la biodiversidad
9 (RLIN) 3497
650 #4 - ASIENTO SECUNDARIO DE MATERIA - TERMINO TEMATICO
Término temático o nombre geográfico como elemento de entrada Productos maderables
9 (RLIN) 59539
650 #4 - ASIENTO SECUNDARIO DE MATERIA - TERMINO TEMATICO
Término temático o nombre geográfico como elemento de entrada Agricultura
9 (RLIN) 304
662 ## - ASIENTO SECUNDARIO DE MATERIA - JERARQUIA DEL NOMBRE DE LUGAR(
País o entidad mayor Colombia
Ciudad Araracuara
Jurisdicción política de primer orden Caquetá
942 ## - ELEMENTOS ADICIONALES (KOHA)
Tipo de ítem Libro
Sistema de clasificación Local
Existencias
Withdrawn status Lost status Sistema de Clasificación Damaged status No para préstamo Colección Inventariado Ubicación Permanente Ubicación actual Fecha de adquisición Fuente de Valor Valor Total Checkouts Número topográfico Inventario / Código de Barras Date last seen Ejemplar Price effective from Forma de adquisición Tipo de material
    Local     General Inventariado 2017 Bogotá Bogotá 15/12/1997 Instituto 39000.00   RE-00060 000008 04/12/2012 T-8 Ej. 1 04/12/2012   Libro
    Local     General Inventariado 2017 Sala Fabio Quevedo Sala Fabio Quevedo 14/11/2001 Instituto 39000.00   RE-00060 004753 04/12/2012 T-8 Ej. 2 04/12/2012   Libro